Top Right Wings in the NHL 2020 Postseason - Statistics

General Stats
  • This quiz has been taken 43 times
  • The average score is 12 of 16
Answer Stats
# Team Country Player % Correct
2 Lightning Russia Nikita Kucherov
97%
3 Blackhawks USA Patrick Kane
97%
5 Maple Leafs Canada Mitch Marner
95%
4 Avalanche Finland Mikko Rantanen
92%
1 Bruins Czechia David Pastrňák
89%
6 Golden Knights Canada Mark Stone
89%
16 Maple Leafs Sweden William Nylander
86%
7 Jets USA Blake Wheeler
73%
8 Jets Finland Patrik Laine
70%
9 Blues Russia Vladimir Tarasenko
68%
13 Canucks USA Brock Boeser
59%
10 Hurricanes Russia Andrei Svechnikov
57%
12 Capitals USA T.J. Oshie
57%
11 Flyers Czechia Jakub Voráček
54%
15 Coyotes USA Phil Kessel
54%
14 Flyers Canada Travis Konecny
38%
No matching quizzes found
Score Distribution
Percent of People with Each Score
Percentile by Number Answered
Your Score History
You have not taken this quiz